00510nam a2200193 a 4500001001300000003000900013005001700022008004100039020001000080082002000090100002300110245001800133260004300151300000800194500003500202505003700237650001900274700002300293nice12345678IN_TiNIC20260116011829.0050524s1973 lona grp 000 0 eng  ac10000a909.097671bMCN aMcneill, William H aIslamic World aLondonbOxford University Press c1973 a468 aincludes index and biblioraphy2 aIllus. Bibliography Notes, Indes aIslamic-Empire1 aMcneill, William H